Guerra global y resistencia mundial: ascenso y caída del IV Reich.
Guardado en:
| Hovedforfatter: | |
|---|---|
| Institution som forfatter: | |
| Format: | Bog |
| Sprog: | Spanish |
| Udgivet: |
San José, Costa Rica
DEI
2003
|
| Fag: | |
| Tags: |
Tilføj Tag
Ingen Tags, Vær først til at tagge denne postø!
|
MARC
| LEADER | 00000nam a2200000 4500 | ||
|---|---|---|---|
| 003 | cru CIDCACS/IIS | ||
| 005 | 20181130114955.0 | ||
| 008 | 181130b2003 cr ||||| |||| 00| 0 spa d | ||
| 999 | |c 41946 |d 41946 | ||
| 040 | |c cru CIDCACS/IIS | ||
| 090 | |a REV0750 (107) 2003 | ||
| 100 | 1 | |9 41 |a Dierckxsens, Wim | |
| 110 | 2 | |9 7636 |a Departamento Ecuménico de Investigaciones (DEI) | |
| 245 | |a Guerra global y resistencia mundial: |b ascenso y caída del IV Reich. |c Wim Dierckxsen | ||
| 260 | |a San José, Costa Rica |b DEI |c 2003 | ||
| 300 | |a 36-43 páginas. | ||
| 650 | 0 | |9 378 |a GUERRA | |
| 650 | 4 | |9 1924 |a IMPERIALISMO | |
| 650 | 0 | |9 2198 |a SISTEMA MONETARIO INTERNACIONAL | |
| 651 | 0 | |9 245 |a ESTADOS UNIDOS | |
| 773 | 0 | |0 41641 |9 2469 |a Departamento Ecuménico de Investigaciones (DEI) |d San José, Costa Rica Departamento Ecuménico de Investigaciones (DEI) |o 20189 |t Pasos / | |
| 942 | |2 ddc |c PP | ||
